000
00323nam a2200145Ia 4500
008
220923s9999 xx 000 0 und d
082
_b
RED
100
_a
REDDY, G.B.
245
0
_a
JUDICIAL ACTIVISM IN INDIA
250
_a
2ND
260
_c
2013
300
_a
632
650
_a
Judical Activism In India
942
_c
BK
999
_c
195660
_d
195660